| 000 | 00656nam a22002297a 4500 | ||
|---|---|---|---|
| 999 |
_c18168 _d18168 |
||
| 003 | AR-CdUCM | ||
| 008 | 190306b ||||| |||| 00| 0 spa d | ||
| 020 | _a84-270-0206-8 | ||
| 040 |
_aMUNICIPALIDAD PROVINCIAL DEL CUSCO _cBIBLIOTECA MUNICIPAL DEL CUSCO |
||
| 082 |
_a818.5 / _bW21 |
||
| 100 |
_aWallace, Irving _911819 |
||
| 245 | _aEl hombre / | ||
| 260 |
_aBarcelona : _bMartÃnez Roca, _c1964. |
||
| 300 |
_a788 paginas ; _c19 cm. |
||
| 440 |
_aFontana rustica. _938606 |
||
| 500 | _atitulo original : The man | ||
| 650 |
_aLiteratura _983 |
||
| 650 |
_aSiglo XX _98 |
||
| 650 |
_aNovela _95 |
||
| 942 |
_2ddc _cLIBROS |
||
| 945 |
_arum _d2019-05-13 |
||